000 00591cam a22002051a 4500
001 f 01000367
003 DLC
005 20260227111237.0
008 810919s1886 fr 000 0 fre
010 _af 01000367
035 _a(OCoLC)7775982
040 _aDLC
_cNcWsW
_dNcWsW
_dDLC
042 _apremarc
050 0 0 _aPQ2315
_b.R6 1886
100 1 _aKarr, Alphonse,
_d1808-1890.
245 1 0 _aRoses et chardons :
_bou, La politique au jardin /
_cpar Alphonse Karr.
260 _aParis :
_bCalmann Lévy,
_c1886.
300 _a300 p. ;
_c1886.
500 _aHalf-title: Œuvres complètes.
999 _c22417
_d22417